000 00524nam a22001697a 4500
005 20251108165318.0
008 250721s1981 xx 000 0 ara d
082 1 4 _a956.61/عبد
100 1 _aالعثيمين، عبد الله الصالح
245 1 0 _aنشأة إمارة آل الرشيد /
264 1 _aالرياض :
_bجامعة الرياض - عمادة شؤون المكتبات،
_c1981.
300 _a127ص
650 1 7 _aالسعودية
650 1 7 _aالتاريخ
942 _2ddc
_cBK
999 _c24807
_d24807